| 000 | 00659nam a2200229 a 4500 | ||
|---|---|---|---|
| 999 |
_c5181 _d5181 |
||
| 005 | 20200529133809.0 | ||
| 008 | 140318b1996 enk||||| |||| 00| 0 eng d | ||
| 040 |
_aCO-BoIAVH _cCO-BoIAVH |
||
| 041 | _aeng | ||
| 044 | _aenk | ||
| 082 | _a576.50151 | ||
| 090 |
_aLB _b04543 |
||
| 100 |
_aWeir, Bruce S. _922687 |
||
| 245 |
_aGenetic data analysis II _bmethods for discrete population genetic data |
||
| 260 |
_aSunderland _bSinauer Associates _c1996 |
||
| 300 | _a445 p. | ||
| 650 | 0 |
_aGenética cuantitativa _9103206 |
|
| 650 | 0 |
_aGenética de población. _956049 |
|
| 650 | 0 |
_aFrecuencia genética _9103207 |
|
| 942 |
_cLIBRO _2ddc |
||
| 945 | _d2006-01-17 | ||